Tunnettuja Jenni nimisiä henkilöitä - Statistics

Yleistilastot
  • Tätä visaa on pelattu 101 kertaa
  • Keskiarvotulos 3 / 12
Vastaustilastot
Vihje Vastaus % Oikein
Laulaja Jenni Vartiainen
89%
Juontaja Jenni Pääskysaari
56%
Radiotoimittaja Jenni Poikelus
55%
Näyttelijä Jenni Kokander
38%
Jääkiekkoilija Jenni Hiirikoski
25%
Näyttelijä Jenni Banerjee
8%
Keihäänheittäjä Jenni Kangas
8%
Radio-ja tv-juontaja Jenni Alexandrova
6%
Malli, juontaja Jenni Ahola
4%
Kansanedustaja Jenni Pitko
4%
Lääkäri ja somevaikuttaja Jenni Puoliväli-Oksala
2%
Soul-laulaja Jenni Lambert
0%
Ehtoja vastaavia visoja ei löytynyt
Tulosjakauma
Jokaisen tuloksen saaneiden osuus
Persentiili vastausten määrän mukaan
Tuloshistoriasi
Et ole pelannut tätä visaa